Tham số hóa đường thẳng một phương pháp định hướng đổi ẩn trong giải phương trình vô tỉ /

Wedi'i Gadw mewn:
Manylion Llyfryddiaeth
Prif Awdur: Huỳnh Văn Minh.
Fformat: Erthygl
Iaith:Vietnamese
Pynciau:
Tagiau: Ychwanegu Tag
Dim Tagiau, Byddwch y cyntaf i dagio'r cofnod hwn!
Thư viện lưu trữ: Thư viện Trường Đại học Đà Lạt
LEADER 00838nam a2200265 4500
001 DLU180186517
005 ##20180829
040 # # |a DLU  |b vie 
041 # # |a vie 
044 # # |a vn 
100 # # |a Huỳnh Văn Minh. 
245 # # |a Tham số hóa đường thẳng một phương pháp định hướng đổi ẩn trong giải phương trình vô tỉ /  |c Huỳnh Văn Minh. 
653 # # |a Giải phương trình 
653 # # |a Phương trình vô tỉ 
653 # # |a Tham số 
773 # # |t Tạp chí dạy và học ngày nay  |g Số 1, 2015, tr. 42-44 
920 # # |a Phòng Tạp chí -- Trung tâm Thông tin - Thư viện Trường Đại học Đà Lạt 
994 # # |a DLU 
900 # # |a True 
911 # # |a Trần Thị Minh Hương 
925 # # |a G 
926 # # |a A 
927 # # |a BB 
980 # # |a Thư viện Trường Đại học Đà Lạt